000
00239nam a2200097Ia 4500
001
881562
005
20250826182642.0
008
250824s9999 xx 000 0 und d
245
0
_a
OSMANLI DAN HİKAYELER
_c
ANONİM
260
_b
PANAMA YAYINLARI
999
_c
881562
_d
881562